Statistics for business and economics / (Record no. 13121)

MARC details
000 -LEADER
fixed length control field 01288nac a22003371i 4500
003 - CONTROL NUMBER IDENTIFIER
control field EG-ScBUE
005 - DATE AND TIME OF LATEST TRANSACTION
control field 20241117153701.0
008 - FIXED-LENGTH DATA ELEMENTS--GENERAL INFORMATION
fixed length control field 100113t2002 ohia f b 001 0 eng d
020 ## - INTERNATIONAL STANDARD BOOK NUMBER
International Standard Book Number 9780324066753
020 ## - INTERNATIONAL STANDARD BOOK NUMBER
International Standard Book Number 0324066759
035 ## - SYSTEM CONTROL NUMBER
System control number (OCoLC)ocm61684269
040 ## - CATALOGING SOURCE
Original cataloging agency EG-ScBUE
Language of cataloging eng
Description conventions rda
Transcribing agency EG-ScBUE
Modifying agency EG-ScBUE
082 04 - DEWEY DECIMAL CLASSIFICATION NUMBER
Classification number 519.5
Item number AND
Edition number 22
100 1# - MAIN ENTRY--PERSONAL NAME
Personal name Anderson, David R.,
Relator term author.
9 (RLIN) 10301
245 10 - TITLE STATEMENT
Title Statistics for business and economics /
Statement of responsibility, etc David R. Anderson, University of Cincinnati, Dennis J. Sweeny, University of Cincinnati, Thomas A. Williams, Rochester Institute of Technology.
250 ## - EDITION STATEMENT
Edition statement Eighth edition.
264 #1 - PUBLICATION, DISTRIBUTION, ETC. (IMPRINT)
Place of publication, distribution, etc Mason, Ohio :
Name of publisher, distributor, etc Thomson Learning,
Date of publication, distribution, etc [2002]
264 #4 - PUBLICATION, DISTRIBUTION, ETC. (IMPRINT)
Date of publication, distribution, etc c2002
300 ## - PHYSICAL DESCRIPTION
Extent 1 volume (various pagings) :
Other physical details illustrations ;
Dimensions 30 cm.
336 ## - CONTENT TYPE
Source rdacontent
Content type term text
Content type code txt
337 ## - MEDIA TYPE
Media type term unmediated
Source rdamedia
Media type code n
338 ## - CARRIER TYPE
Carrier type term volume
Carrier type code nc
Source rdacarrier
490 0# - SERIES STATEMENT
Series statement Solutions manual
504 ## - BIBLIOGRAPHY, ETC. NOTE
Bibliography, etc Includes bibliographical references and index.
650 #7 - SUBJECT ADDED ENTRY--TOPICAL TERM
Topical term or geographic name as entry element Commercial statistics.
Source of heading or term BUEsh
9 (RLIN) 10302
650 #7 - SUBJECT ADDED ENTRY--TOPICAL TERM
Topical term or geographic name as entry element Economics
General subdivision Statistical methods.
Source of heading or term BUEsh
9 (RLIN) 10303
650 #7 - SUBJECT ADDED ENTRY--TOPICAL TERM
Topical term or geographic name as entry element Statistics.
Source of heading or term BUEsh
9 (RLIN) 10304
700 1# - ADDED ENTRY--PERSONAL NAME
Personal name Carlson, William L.
Fuller form of name (William Lee),
Dates associated with a name 1938-
Relator term author.
9 (RLIN) 10305
700 1# - ADDED ENTRY--PERSONAL NAME
Personal name Thorne, Betty.
Relator term author.
9 (RLIN) 10306
942 ## - ADDED ENTRY ELEMENTS (KOHA)
Koha item type Book - Borrowing
Source of classification or shelving scheme Dewey Decimal Classification
Holdings
Withdrawn status Lost status Source of classification or shelving scheme Damaged status Not for loan Collection code Home library Current library Shelving location Date acquired Source of acquisition Total Checkouts Full call number Barcode Date last seen Date checked out Price effective from Koha item type
    Dewey Decimal Classification     Alahram Central Library Central Library First floor 13/01/2010 Purchase 1 519.5 AND 000019376 15/07/2025 12/02/2017 13/01/2010 Book - Borrowing